Bāṅalā sāhitye Ārabi-Phārasī śabda. (Record no. 80593)

MARC details
000 -LEADER
fixed length control field 00681cam a22002411 4500
001 - CONTROL NUMBER
control field sa 68005234
003 - CONTROL NUMBER IDENTIFIER
control field DLC
005 - DATE AND TIME OF LATEST TRANSACTION
control field 20260227112507.0
008 - FIXED-LENGTH DATA ELEMENTS--GENERAL INFORMATION
fixed length control field 941128s1967 ii 000 0 beno
010 ## - LIBRARY OF CONGRESS CONTROL NUMBER
LC control number sa 68005234
025 ## - OVERSEAS ACQUISITION NUMBER
Overseas acquisition number PL480:EP-B-1415
035 ## - SYSTEM CONTROL NUMBER
System control number (OCoLC)31523578
040 ## - CATALOGING SOURCE
Original cataloging agency DLC
Transcribing agency CU
Modifying agency CU
-- DLC
042 ## - AUTHENTICATION CODE
Authentication code premarc
050 00 - LIBRARY OF CONGRESS CALL NUMBER
Classification number PK1689
Item number .P3
100 1# - MAIN ENTRY--PERSONAL NAME
Personal name Paul, Harendrachandra.
245 10 - TITLE STATEMENT
Title Bāṅalā sāhitye Ārabi-Phārasī śabda.
260 ## - PUBLICATION, DISTRIBUTION, ETC.
Date of publication, distribution, etc. [1967]
300 ## - PHYSICAL DESCRIPTION
Extent 11, 415 p.
Dimensions 23 cm.
500 ## - GENERAL NOTE
General note In Bengali.
650 #0 - SUBJECT ADDED ENTRY--TOPICAL TERM
Topical term or geographic name entry element Bengali language
General subdivision Foreign words and phrases
Geographic subdivision Arabic.
650 #0 - SUBJECT ADDED ENTRY--TOPICAL TERM
Topical term or geographic name entry element Bengali language
General subdivision Foreign words and phrases
Geographic subdivision Persian.

No items available.

Powered by Koha